| 000 -LEADER |
| fixed length control field |
02084cam a22003854a 4500 |
| 001 - CONTROL NUMBER |
| control field |
3103114 |
| 005 - DATE AND TIME OF LATEST TRANSACTION |
| control field |
20221222182121.0 |
| 008 - FIXED-LENGTH DATA ELEMENTS--GENERAL INFORMATION |
| fixed length control field |
990510s1999 maua bi 101 0 eng |
| 010 ## - LIBRARY OF CONGRESS CONTROL NUMBER |
| LC control number |
99023737 |
| 020 ## - INTERNATIONAL STANDARD BOOK NUMBER |
| International Standard Book Number |
0412847906 (acidfree paper) |
| 035 ## - SYSTEM CONTROL NUMBER |
| System control number |
(DLC) 99023737 |
| 040 ## - CATALOGING SOURCE |
| Original cataloging agency |
DLC |
| Transcribing agency |
DLC |
| Modifying agency |
DLC |
| 042 ## - AUTHENTICATION CODE |
| Authentication code |
pcc |
| 050 00 - LIBRARY OF CONGRESS CALL NUMBER |
| Classification number |
TK5103.59 |
| Item number |
.I59 1998 |
| 082 00 - DEWEY DECIMAL CLASSIFICATION NUMBER |
| Classification number |
621.3827,OPT |
| Edition number |
21 |
| 111 2# - MAIN ENTRY--MEETING NAME |
| Meeting name or jurisdiction name as entry element |
International Working Conference on Optical Network Design and Modelling |
| Number of part/section/meeting |
(2nd : |
| Date of meeting |
1998 : |
| Location of meeting |
Rome, Italy) |
| 9 (RLIN) |
105703 |
| 245 10 - TITLE STATEMENT |
| Title |
Optical networks : |
| Remainder of title |
design and modelling : IFIP TC6 Second International Working Conference on Optical Network Design and Modelling (ONDM '98), February 9-11, 1998, Rome, Italy / |
| Statement of responsibility, etc. |
edited by Giancarlo de Marchis, Roberto Sabella. |
| 260 ## - PUBLICATION, DISTRIBUTION, ETC. |
| Place of publication, distribution, etc. |
Boston : |
| Name of publisher, distributor, etc. |
Kluwer Academic, |
| Date of publication, distribution, etc. |
c1999. |
| 300 ## - PHYSICAL DESCRIPTION |
| Extent |
186 p. : |
| Other physical details |
ill. ; |
| Dimensions |
26 cm. |
| 490 1# - SERIES STATEMENT |
| Series statement |
The International Federation for Information Processing ; |
| Volume/sequential designation |
19 |
| 505 ## - FORMATTED CONTENTS NOTE |
| Formatted contents note |
Part 1: Routing Algorithms for Optical Networks (Page-1), Part 2: Wavelegth Conversion and Assigment (Page-23), Part 3: Optical Technologies for local and Acess Networks (Page-45), Part 4: Transmission in Optical Transport Network II (Page-101), Part 6: Traffic Modelling (Page-121), Part 7: Advanced Topics in Optical Netwoks (Page-147). |
| 650 #0 - SUBJECT ADDED ENTRY--TOPICAL TERM |
| Topical term or geographic name entry element |
Optical communications |
| Form subdivision |
Congresses. |
| 9 (RLIN) |
105704 |
| 650 #0 - SUBJECT ADDED ENTRY--TOPICAL TERM |
| Topical term or geographic name entry element |
Fiber optics |
| Form subdivision |
Congresses. |
| 9 (RLIN) |
105705 |
| 650 #0 - SUBJECT ADDED ENTRY--TOPICAL TERM |
| Topical term or geographic name entry element |
Computer networks |
| Form subdivision |
Congresses. |
| 9 (RLIN) |
105706 |
| 650 #0 - SUBJECT ADDED ENTRY--TOPICAL TERM |
| Topical term or geographic name entry element |
Optoelectronics |
| Form subdivision |
Congresses. |
| 9 (RLIN) |
105707 |
| 700 1# - ADDED ENTRY--PERSONAL NAME |
| Personal name |
De Marchis, Giancarlo. |
| 9 (RLIN) |
98087 |
| 700 1# - ADDED ENTRY--PERSONAL NAME |
| Personal name |
Sabella, Roberto. |
| 9 (RLIN) |
105708 |
| 710 2# - ADDED ENTRY--CORPORATE NAME |
| Corporate name or jurisdiction name as entry element |
International Federation for Information Processing. |
| Subordinate unit |
Technical Committee 6. |
| 9 (RLIN) |
105709 |
| 830 #0 - SERIES ADDED ENTRY--UNIFORM TITLE |
| Uniform title |
International Federation for Information Processing (Series) ; |
| Volume/sequential designation |
19. |
| 9 (RLIN) |
86778 |
| 856 42 - ELECTRONIC LOCATION AND ACCESS |
| Materials specified |
Publisher description |
| Uniform Resource Identifier |
<a href="http://www.loc.gov/catdir/enhancements/fy0820/99023737-d.html">http://www.loc.gov/catdir/enhancements/fy0820/99023737-d.html</a> |
| 856 41 - ELECTRONIC LOCATION AND ACCESS |
| Materials specified |
Table of contents only |
| Uniform Resource Identifier |
<a href="http://www.loc.gov/catdir/enhancements/fy0820/99023737-t.html">http://www.loc.gov/catdir/enhancements/fy0820/99023737-t.html</a> |
| 906 ## - LOCAL DATA ELEMENT F, LDF (RLIN) |
| a |
7 |
| b |
cbc |
| c |
orignew |
| d |
1 |
| e |
ocip |
| f |
19 |
| g |
y-gencatlg |
| 942 ## - ADDED ENTRY ELEMENTS (KOHA) |
| Source of classification or shelving scheme |
|
| Koha item type |
Book |